| 000 | 01335nam2a22002891 4500 | ||
|---|---|---|---|
| 001 | rc\713202 | ||
| 005 | 20250621223312.0 | ||
| 010 |
_a5-89204-012-7 _91000 |
||
| 035 | _a(NLR Aleph) 005956813 | ||
| 090 |
_a6813399 _c6813399 |
||
| 100 | _a20031121d1996 |||y0rusy50 ca | ||
| 101 | 0 | _arus | |
| 102 | _aRU | ||
| 105 | _aa ||||||||| | ||
| 200 | 1 |
_aВисокосный год _f[Ил. Н. Ивановой] |
|
| 210 |
_d1996 _aБ. м. |
||
| 215 |
_a146 с. _cил., портр. |
||
| 327 | 1 | _aСодерж.: Циклы: Високосный год; Мой Черпенис; Песни Серебряного сада | |
| 461 | 0 |
_1001rc\181268 _12001#$aНаталья Берек$e[Стихи$eВ 3 кн.]$fНаталья Берек$vКн. 2 _1700#1$aБерек$bН.Д.$gНаталья Дмитриевна _97996809 _aБерек, Н.Д. _cМиасс _d1996 _fНаталья Берек _nГеотур _o[Стихи : В 3 кн.] _tНаталья Берек _vКн. 2 |
|
| 464 | 0 |
_12001#$aВисокосный год _tВисокосный год |
|
| 464 | 0 |
_12001#$aМой Черпенис _tМой Черпенис |
|
| 464 | 0 |
_12001#$aПесни Серебряного сада _tПесни Серебряного сада |
|
| 801 | 0 |
_aRU _bNLR _gpsbo |
|
| 801 | 1 |
_aRU _bELAR _2rusmarc |
|
| 852 |
_aNLR _j97-1/139-2 |
||
| 942 | _cBOOK | ||
| 980 | _aNB | ||